| 000 | 00768nam a2200253 a 4500 | ||
|---|---|---|---|
| 008 | |||
| 020 | _a0713142820 (pbk.) | ||
| 049 | _aMAIN | ||
| 090 |
_aRD31 _bCUR |
||
| 245 | 1 | 0 |
_aCurrent surgical practice _nvol. 1 / _cedited by John Hadfield and Michael Hobsley with a foreword by Rodney Smith. |
| 260 |
_aEngland : _bEdward Arnold, _c1976. |
||
| 300 |
_avi, 268p. : _bill. ; _c24 cm. |
||
| 500 | _aIncludes index. | ||
| 504 | _aIncludes bibliographica references. | ||
| 650 | 1 | _aSurgery. | |
| 700 | _aSmith, Rodney. | ||
| 700 | _aHobsley, Michael. | ||
| 700 | _aHadfield, John. | ||
| 907 |
_a.b10309822 _b30-05-13 _c01-03-12 |
||
| 003 | |||
| 005 | 20230120204108.0 | ||
| 040 | _cNUST | ||
| 942 |
_cBOOKS _kRD31 _mCUR |
||
| 999 |
_c117024 _d117024 |
||